1. Alla ricerca del tempo perduto /

में बचाया:
ग्रंथसूची विवरण
मुख्य लेखक: Proust, Marcel (लेखक)
स्वरूप: पुस्तक
भाषा:इतालवी
प्रकाशित: Roma : L'Espresso, 2005
श्रृंखला:L'Espresso grandi opere ; 9
टैग: टैग जोड़ें
कोई टैग नहीं, इस रिकॉर्ड को टैग करने वाले पहले व्यक्ति बनें!

MARC

LEADER 00000nam a22000007i 4500
001 IT\ICCU\RCA\0285980
003 ItRI
005 20260115232324.0
008 051004s2005 it |||||| ||||| |||||c
040 |b ita  |c importazione bologna sebina 
041 7 |a ita  |2 ISO-639-2 
082 |a 843.9  |9 NARRATIVA FRANCESE, 1900-  |2 21 
100 1 |a Proust, Marcel  |0 IT\ICCU\CFIV\007392  |4 aut 
245 1 3 |a 1. Alla ricerca del tempo perduto /  |c Marcel Proust. 
260 |a Roma :  |b L'Espresso,  |c 2005 
300 |a XXIV, 1054 p. ;  |c 19 cm 
830 2 |a L'Espresso grandi opere ;  |v 9  |0 IT\ICCU\RAV\1344046 
942 |2 ddc  |c BK  |n 0 
952 |0 0  |1 0  |4 0  |6 DOC_843_912000000000000_PRO  |7 0  |9 24155  |a BO  |b BO  |d 2026-01-15  |i 9598  |l 0  |o DOC 843.912 PRO  |p BO9598  |r 2026-01-15 23:23:24  |w 2026-01-15  |x [Sebina 5] [1 v.]  |y BK  |z 1 v. 
999 |c 20561  |d 20561